Name The Evermore Song From The Lyrics - Taylor Swift - Statistics

General Stats
  • This quiz has been taken 90 times
  • The average score is 14 of 17
Answer Stats
Hint Answer % Correct
Your Midas touch on the Chevy door / November flush and your flannel cure champagne problems
97%
Good thing Este's sister's gonna swear she was with me (She was with me, dude) no body, no crime
97%
I'm begging for you to take my hand / Wreck my plans, that's my man willow
97%
Help, I'm still at the restaurant / Still sitting in a corner I haunt right where you left me
93%
The autumn chill that wakes me up / You loved the amber skies so much marjorie
92%
Break free and leave us in ruins? / Took this dagger in me and removed it tolerate it
87%
Yes, I got your letter / Yes, I'm doing better closure
84%
My mind turns your life into folklore / I can't dare to dream about you anymore gold rush
82%
When it was calmer, skippin' the prom / Just to piss off your mom and her pageant schemes dorothea
79%
And I was catchin' my breath / Starin' out an open window, catchin' my death evermore
78%
Perched in the dark / Tellin' all the rich folks anything they wanna hear cowboy like me
76%
Sometimes, givin' up is the strong thing / Sometimes, to run is the brave thing it's time to go
76%
Clover blooms in the fields / Spring breaks loose, the time is near ivy
76%
So I'll go back to L.A. and the so-called friends / Who'll write books about me if I ever make it 'tis the damn season
76%
And do you miss the rogue / Who coaxed you into paradise and left you there? coney island
70%
I can't make it go away by making you a villain / I guess it's the price I paid for seven years in Heaven happiness
68%
Past me / I wanna tell you not to get lost in these petty things long story short
68%
No matching quizzes found
Score Distribution
Percent of People with Each Score
Percentile by Number Answered
Your Score History
You have not taken this quiz